Contemporary Canadian Business. (Record no. 5781)

MARC details
005 - DATE AND TIME OF LATEST TRANSACTION
control field 20250627174945.0
020 ## - INTERNATIONAL STANDARD BOOK NUMBER
International Standard Book Number 0-03-922059-1
082 ## - DEWEY DECIMAL CLASSIFICATION NUMBER
Classification number 658 CON
100 ## - MAIN ENTRY--PERSONAL NAME
Author name APPELBAUM, S.H.
245 ## - TITLE STATEMENT
Title Contemporary Canadian Business.
250 ## - EDITION STATEMENT
Edition statement 2nd Ed.
260 ## - PUBLICATION, DISTRIBUTION, ETC.
Place of publication, distribution, etc. Canada,
Name of publisher, distributor, etc. Holt, Rinehart and Wiston,
Date of publication, distribution, etc. 1987.
300 ## - PHYSICAL DESCRIPTION
Extent 782p.: ill.; figure, table
Other physical details Index
Dimensions 26cm
700 ## - ADDED ENTRY--PERSONAL NAME
Other authors/Editors BECKMAN, M. D. [...et al...]
942 ## - ADDED ENTRY ELEMENTS (KOHA)
Source of classification or shelving scheme Dewey Decimal Classification
Koha item type Books
Holdings
Date last seen Total checkouts Full call number Barcode Cost, replacement price Price effective from Koha item type Lost status Source of classification or shelving scheme Damaged status Not for loan Withdrawn status Home library Current library Shelving location Date acquired Cost, normal purchase price
06/27/2025   658 CON DOM0002072 90000.00 06/27/2025 Books   Dewey Decimal Classification       CBE Dodoma CBE Dodoma General Collection 06/27/2025 30000.00